Statewide transportation planning--needs and requirements.

Bibliographic Details
Corporate Author: National Research Council (U.S.). Highway Research Board
Format: Book
Language:English
Published: [Washington], [publisher not identified] ; 1972.
Series:Synthesis of highway practice ; 15.
Subjects:

MARC

Tag First Indicator Second Indicator Subfields
LEADER 00000pam a2200000 4500
001 in00000241221
005 20151009092602.0
008 721222s1972 dcua b 00000 eng d
010 |a  72013947  
020 |a 0309021251  |c $3.60 
035 |a (OCoLC)00539755 
035 |9 ABA5980AM 
040 |a DLC  |c DLC  |d TXA  |d UtOrBLW 
049 |a TXAM  |c [1333268] 
050 0 0 |a HE151  |b .N35 
082 0 |a 711/.7 
110 2 |a National Research Council (U.S.).  |b Highway Research Board. 
245 1 0 |a Statewide transportation planning--needs and requirements. 
264 1 |a [Washington],  |b [publisher not identified] ;  |c 1972. 
300 |a 41 pages :  |b illustrations ;  |c 28 cm. 
336 |a text  |b txt  |2 rdacontent 
337 |a unmediated  |b n  |2 rdamedia 
338 |a volume  |b nc  |2 rdacarrier 
490 1 |a Synthesis of highway practice,  |v 15 
504 |a Bibliography: pages 40-41. 
650 0 |a Transportation and state. 
830 0 |a Synthesis of highway practice ;  |v 15. 
999 |a MARS 
999 f f |s 427ddc5a-b09f-3be0-b40a-278fa40efe70  |i 62fe8fa8-4439-3912-94d9-c24d78d131cc  |t 0 
952 f f |p ric  |a Texas A&M University  |b Rellis Campus  |c Joint Library Facility  |d Remote Storage  |t 0  |e HE151 .N35  |h Library of Congress classification  |i unmediated -- volume  |m A14802743960 
998 f f |a HE151 .N35  |t 0  |l Remote Storage